Khát vọng yêu đương: tiểu thuyết = A sudden change of heart
Zapisane w:
| 1. autor: | |
|---|---|
| Format: | Książka |
| Język: | Undetermined |
| Wydane: |
Hà Nội
Lao Động
2005
|
| Hasła przedmiotowe: | |
| Etykiety: |
Dodaj etykietę
Nie ma etykietki, Dołącz pierwszą etykiete!
|
| Thư viện lưu trữ: | Trung tâm Học liệu Trường Đại học Cần Thơ |
|---|
| LEADER | 00651nam a2200217Ia 4500 | ||
|---|---|---|---|
| 001 | CTU_95649 | ||
| 008 | 210402s9999 xx 000 0 und d | ||
| 020 | |c 43000 | ||
| 082 | |a 813.54 | ||
| 082 | |b B799k | ||
| 100 | |a Bradford, Barbara Taylor | ||
| 245 | 0 | |a Khát vọng yêu đương: tiểu thuyết = | |
| 245 | 2 | |b A sudden change of heart | |
| 245 | 0 | |c Barbara Taylor Bradford; Thế Hùng biên dịch | |
| 260 | |a Hà Nội | ||
| 260 | |b Lao Động | ||
| 260 | |c 2005 | ||
| 650 | |a American fiction ( vietnamese ) | ||
| 650 | |y 20th century | ||
| 904 | |i Minh | ||
| 980 | |a Trung tâm Học liệu Trường Đại học Cần Thơ | ||